00000000nam 2200000zi 4500
0019.946914
003CaOODSP
00520250128103723
006m     o  d f      
007cr mn|||||||||
008250115t20252025quca    ob   f000 0 eng d
020 |a9780660752525
040 |aCaOODSP|beng|erda|cCaOODSP
043 |an-cn---
045 |ay1y2
0861 |aSF31-125/2025E-PDF
1001 |aThéberge, Raymond, |eauthor.
24510|aProtecting language rights : |boverview of the Commissioner's interventions in the courts (2018-2025).
264 1|a[Gatineau, Quebec] : |bOffice of the Commissioner of Official Languages = Commissariat aux langues officielles, |c[2025]
264 4|c©2025
300 |a1 online resource (ii, 40 pages) : |bcolour illustrations
336 |atext|btxt|2rdacontent
337 |acomputer|bc|2rdamedia
338 |aonline resource|bcr|2rdacarrier
500 |aIssued also in French under title: Protéger les droits linguistiques : bilan des interventions du commissaire devant les tribunaux (2018-2025).
500 |a"Raymond Théberge, Commissioner of Official Languages"--Page ii.
504 |aIncludes bibliographical references.
61010|aCanada. |bOffice of the Commissioner of Official Languages.
650 0|aLinguistic rights|zCanada.
650 0|aLinguistic minorities|xCivil rights|zCanada.
650 0|aIntervention (Civil procedure)|zCanada.
7101 |aCanada. |bOffice of the Commissioner of Official Languages, |eissuing body.
77508|tProtéger les droits linguistiques : |w(CaOODSP)9.946915
795 |tProtecting language rights : |b(2016)|w(CaOODSP)9.887089
85640|qPDF|s11.70 MB|uhttps://publications.gc.ca/collections/collection_2025/clo-ocol/SF31-125-2025-eng.pdf
8564 |qHTML|sN/A|uhttps://www.clo-ocol.gc.ca/en/publications/studies-other-reports/2025/protecting-language-rights-overview-commissioners-interventions-courts-2018-2025